Keski-Euroopan mäkiviikon voittajat - Statistics

Yleistilastot
  • Tätä visaa on pelattu 61 kertaa
    26 viimeisimmän päivityksen jälkeen
  • Keskiarvotulos 23 / 74
Vastaustilastot
Vuosi Voittaja Kansallisuus % Oikein
2007-2008 Janne Ahonen Suomi
100%
2005-2006 Janne Ahonen Suomi
100%
2004-2005 Janne Ahonen Suomi
100%
2002-2003 Janne Ahonen Suomi
100%
1998-1999 Janne Ahonen Suomi
100%
1987-1988 Matti Nykänen Suomi
95%
1982-1983 Matti Nykänen Suomi
95%
1991-1992 Toni Nieminen Suomi
74%
2020-2021 Kamil Stoch Puola
68%
2017-2018 Kamil Stoch Puola
68%
2016-2017 Kamil Stoch Puola
68%
2023-2024 Ryōyū Kobayashi Japani
63%
2021-2022 Ryōyū Kobayashi Japani
63%
2018-2019 Ryōyū Kobayashi Japani
63%
2012-2013 Gregor Schlierenzauer Itävalta
58%
2011-2012 Gregor Schlierenzauer Itävalta
58%
2015-2016 Peter Prevc Slovenia
53%
2000-2001 Adam Małysz Puola
47%
2014-2015 Stefan Kraft Itävalta
47%
2010-2011 Thomas Morgenstern Itävalta
47%
2022-2023 Halvor Egner Granerud Norja
37%
2008-2009 Wolfgang Loitzl Itävalta
37%
2005-2006 Jakub Janda Tšekki
32%
1995-1996 Jens Weißflog Saksa
32%
1990-1991 Jens Weißflog Saksa
32%
1984-1985 Jens Weißflog Itä-Saksa
32%
1983-1984 Jens Weißflog Itä-Saksa
32%
2001-2002 Sven Hannawald Saksa
32%
2019-2020 Dawid Kubacki Puola
26%
1989-1990 Dieter Thoma Saksa
26%
1997-1998 Kazuyoshi Funaki Japani
26%
2003-2004 Sigurd Pettersen Norja
26%
1965-1966 Veikko Kankkonen Suomi
26%
1963-1964 Veikko Kankkonen Suomi
26%
2006-2007 Anders Jacobsen Norja
21%
2009-2010 Andreas Kofler Itävalta
21%
2024-2025 Daniel Tschofenig Itävalta
21%
1994-1995 Andreas Goldberger Itävalta
16%
1992-1993 Andreas Goldberger Itävalta
16%
1999-2000 Andreas Widhölzl Itävalta
16%
1986-1987 Ernst Vettori Itävalta
16%
1985-1986 Ernst Vettori Itävalta
16%
1996-1997 Primož Peterka Slovenia
16%
1988-1989 Risto Laakkonen Suomi
16%
2013-2014 Thomas Diethart Itävalta
16%
1968-1969 Bjørn Wirkola Norja
11%
1967-1968 Bjørn Wirkola Norja
11%
1966-1967 Bjørn Wirkola Norja
11%
1961-1962 Eino Kirjonen Suomi
11%
1993-1994 Espen Bredesen Norja
11%
1973-1974 Hans-Georg Aschenbach Itä-Saksa
11%
1980-1981 Hubert Neuper Itävalta
11%
1979-1980 Hubert Neuper Itävalta
11%
1970-1971 Jiří Raška Tšekkoslovakia
11%
1976-1977 Jochen Danneberg Itä-Saksa
11%
1975-1976 Jochen Danneberg Itä-Saksa
11%
1977-1978 Kari Yliantila Suomi
11%
1981-1982 Manfred Deckert Itä-Saksa
11%
1978-1979 Pentti Kokkonen Suomi
11%
1972-1973 Rainer Schmidt Itä-Saksa
11%
1962-1963 Toralf Engan Norja
11%
1974-1975 Willi Pürstl Itävalta
11%
1960-1961 Helmut Recknagel Itä-Saksa
5%
1958-1959 Helmut Recknagel Itä-Saksa
5%
1957-1958 Helmut Recknagel Itä-Saksa
5%
1954-1955 Hemmo Silvennoinen Suomi
5%
1969-1970 Horst Queck Itä-Saksa
5%
1971-1972 Ingolf Mork Norja
0%
1959-1960 Max Bolkart Länsi-Saksa
0%
1955-1956 Nikolai Kamenski Neuvostoliitto
0%
1953-1954 Olav Bjørnstad Norja
0%
1956-1957 Pentti Uotinen Suomi
0%
1953 Sepp Bradl Itävalta
0%
1964-1965 Torgeir Brandtzæg Norja
0%
Ehtoja vastaavia visoja ei löytynyt
Tulosjakauma
Jokaisen tuloksen saaneiden osuus
Persentiili vastausten määrän mukaan
Tuloshistoriasi
Et ole pelannut tätä visaa sen viimeisimmän päivityksen jälkeen